| 000 -LEADER |
| fixed length control field |
00498nam a22001337a 4500 |
| 008 - FIXED-LENGTH DATA ELEMENTS--GENERAL INFORMATION |
| fixed length control field |
231228b ||||| |||| 00| 0 eng d |
| 100 ## - MAIN ENTRY--PERSONAL NAME |
| Personal name |
Sharma, H.O., Rathi, D. and Niranjan, H.K. |
| 245 ## - TITLE STATEMENT |
| Title |
Agro-economic research farmers ‘ perceptions towards production and marketing of quality seed in Madhya Pradesh |
| 260 ## - PUBLICATION, DISTRIBUTION, ETC. (IMPRINT) |
| Place of publication, distribution, etc |
Agricultural Situation in India |
| 300 ## - PHYSICAL DESCRIPTION |
| Extent |
79(11), Feb, 2023: p.29-41 |
| 773 ## - HOST ITEM ENTRY |
| Main entry heading |
Agricultural Situation in India |
| 906 ## - LOCAL DATA ELEMENT F, LDF (RLIN) |
| Subject DIP |
AGRICULTURE |
| 942 ## - ADDED ENTRY ELEMENTS (KOHA) |
| Item type |
Articles |